El Café en cifras
Este documento responde a la necesidad de información acerca de la actividad cafetalera que el público demanda a la Oficina del Café. En el mismo se presentan los principales datos estadísticos acerca de: producción de café, exportaciones, consumo interno, mercado mundial, estructura de la tenencia...
Guardado en:
| Autor principal: | |
|---|---|
| Formato: | Texto |
| Publicado: |
San José:
Oficina del Café
|
| Materias: | |
| Etiquetas: |
Agregar Etiqueta
Sin Etiquetas, Sea el primero en etiquetar este registro!
|
MARC
| LEADER | 00000 a a2200000 04500 | ||
|---|---|---|---|
| 001 | 13410 | ||
| 003 | |||
| 040 | |||
| 090 | |a 027800 | ||
| 100 | |a Fernández Ardón, Miguel Fco. | ||
| 245 | |a El Café en cifras | ||
| 260 | |a San José: |b Oficina del Café | ||
| 300 | |a 17 p. | ||
| 300 | |b **no definido** | ||
| 520 | |a Este documento responde a la necesidad de información acerca de la actividad cafetalera que el público demanda a la Oficina del Café. En el mismo se presentan los principales datos estadísticos acerca de: producción de café, exportaciones, consumo interno, mercado mundial, estructura de la tenencia de la tierra en el cultivo del café, un resumen de las listas de productores-entregadores de café, el café en la economía nacional y, finalmente, los ingresos fiscales que el gobierno central percibe provenientes del régimen impositivo que grava la producción y exportaciones de café. HBQ/mb | ||
| 650 | |a CAFE | ||
| 650 | |a TENENCIA DE LA TIERRA | ||
| 650 | |a MERCADO INTERNACIONAL | ||
| 650 | |a PRECIOS | ||
| 650 | |a EXPORTACIONES | ||
| 650 | |a PRODUCCION | ||
| 650 | |a MERCADO INTERNO | ||
| 650 | |a SALARIOS | ||
| 650 | |a INGRESO | ||
| 999 | |c 8954 |d 8954 | ||
